000 00798nam a22002297a 4500
005 2012122004084.0
008 121220t xxu||||| |||| 00| 0 eng d
010 _aENG-106472
020 _c680.00
_a9788178359045
035 _aEN-90005
037 _bDBAD/ PUB
040 _aDPL
_bENG
082 1 4 _a220.95
100 1 _aTopno, Sem
_954505
245 1 _aMankind :
_cby Sem Topno
_bin quest of the self /
260 _aDelhi
_bKalpaz Publications
_c2012
270 _aC-30, Satyawati Nagar,
_bDelhi
_e110 052
_mkalpaz@hotmail.com
300 _a283p.
_c22cm(Hb)
500 _aIncludes index
942 _adpl
_cEN
_2ddc
_h220.95
_mTOP
999 _c72386
_d72386